[Event "Prague Summer op-B 5th"]
[Site "Prague"]
[Date "2018.08.03"]
[Round "1"]
[White "Jaeger, Andre"]
[Black "Cuyx, Tomas"]
[Result "1-0"]
[WhiteElo "1974"]
[BlackElo "1525"]
[PlyCount "51"]
[EventDate "2018.08.03"]
[EventType "swiss"]
[EventRounds "9"]
[EventCountry "CZE"]
[SourceTitle "CBM 186 Extra"]
[Source "ChessBase"]
[SourceDate "2018.08.24"]
[SourceVersion "1"]
[SourceVersionDate "2018.08.24"]
[SourceQuality "1"]

1. d4 Nf6 2. c4 c5 3. Nf3 e6 4. Nc3 cxd4 5. Nxd4 a6 6. g3 Nc6 7. Bg2 Bc5 8. Nc2 0-0 9. 0-0 Ne7 10. b4 Ba7 11. c5 Ng6 12. Bb2 Rb8 13. Na4 b6 14. cxb6 Bxb6 15. Nxb6 Rxb6 16. Bd4 Rd6 17. Qc1 Rxd4 18. Nxd4 Qb6 19. Qc5 Qb8 20. Rab1 Bb7 21. Bxb7 Qxb7 22. Rfc1 Ne4 23. Qc2 Ng5 24. f3 Qd5 25. Qc5 Qxa2 26. Qxg5 1-0

[Event "Helsingor Xtracon op"]
[Site "Helsingor"]
[Date "2017.07.26"]
[Round "6"]
[White "Cuyx, Tomas"]
[Black "Huse, Sigurd Kjelsbol"]
[Result "0-1"]
[WhiteElo "1495"]
[BlackElo "1944"]
[PlyCount "104"]
[EventDate "2017.07.22"]
[EventType "swiss"]
[EventRounds "10"]
[EventCountry "DEN"]
[SourceTitle "CBM 179 Extra"]
[Source "ChessBase"]
[SourceDate "2017.08.23"]
[SourceVersion "1"]
[SourceVersionDate "2017.08.23"]
[SourceQuality "1"]

1. d4 d5 2. c4 c6 3. Nf3 Nf6 4. e3 a6 5. Nbd2 Bf5 6. Nh4 Be4 7. Nxe4 Nxe4 8. g3 e6 9. Bg2 Bb4+ 10. Ke2 0-0 11. Bxe4 dxe4 12. Bd2 Be7 13. Ng2 Nd7 14. Re1 b5 15. Qc2 f5 16. Nf4 Rf6 17. cxb5 cxb5 18. Qb3 Nf8 19. h4 Bd6 20. Bc3 Bxf4 21. exf4 Qe8 22. d5 Qh5+ 23. Kf1 Rg6 24. Be5 Qg4 25. Rac1 Rd8 26. dxe6 Rd3 27. e7+ Rxb3 28. axb3 Kf7 29. exf8Q+ Kxf8 30. Rc8+ Ke7 31. Rec1 e3 32. R1c5 h5 33. R8c7+ Ke8 34. Rc8+ Kf7 35. R5c7+ Ke6 36. Rc6+ Kd5 37. Rxg6 Qxg6 38. Rd8+ Kc5 39. Bd4+ Kb4 40. Bxe3 Kxb3 41. Bd4 Qg4 42. Kg2 Kc4 43. Rd6 Qe2 44. Bxg7 a5 45. Rc6+ Kb3 46. Rc5 Ka4 47. Re5 Qc2 48. Re3 b4 49. Kf3 Kb5 50. Re5+ Kc4 51. Re2 Qd1 52. Bf6 Kd3 0-1

[Event "Helsingor Xtracon op"]
[Site "Helsingor"]
[Date "2017.07.24"]
[Round "4"]
[White "Cuyx, Tomas"]
[Black "Sather, Lars"]
[Result "1-0"]
[WhiteElo "1495"]
[BlackElo "1661"]
[PlyCount "43"]
[EventDate "2017.07.22"]
[EventType "swiss"]
[EventRounds "10"]
[EventCountry "DEN"]
[SourceTitle "CBM 179 Extra"]
[Source "ChessBase"]
[SourceDate "2017.08.23"]
[SourceVersion "1"]
[SourceVersionDate "2017.08.23"]
[SourceQuality "1"]

1. d4 Nf6 2. c4 g6 3. Nc3 Bg7 4. e4 0-0 5. Be2 d6 6. f4 e6 7. Nf3 Ne8 8. 0-0 c6 9. Be3 Qb6 10. Qd2 a6 11. Rad1 Qa5 12. e5 f6 13. Ne4 Qxd2 14. Bxd2 fxe5 15. dxe5 dxe5 16. Nxe5 Bxe5 17. fxe5 Rxf1+ 18. Rxf1 Nd7 19. Bh6 Ng7 20. Nf6+ Kh8 21. Nxd7 Nf5 22. Nb6 1-0

[Event "Helsingor Xtracon op"]
[Site "Helsingor"]
[Date "2017.07.23"]
[Round "3"]
[White "Werner, Jakob"]
[Black "Cuyx, Tomas"]
[Result "1/2-1/2"]
[WhiteElo "1690"]
[BlackElo "1495"]
[PlyCount "115"]
[EventDate "2017.07.22"]
[EventType "swiss"]
[EventRounds "10"]
[EventCountry "DEN"]
[SourceTitle "CBM 179 Extra"]
[Source "ChessBase"]
[SourceDate "2017.08.23"]
[SourceVersion "1"]
[SourceVersionDate "2017.08.23"]
[SourceQuality "1"]

1. d4 Nf6 2. c4 c5 3. d5 e6 4. Nc3 exd5 5. cxd5 d6 6. e4 g6 7. Nf3 Bg7 8. Be2 0-0 9. 0-0 Re8 10. Nd2 Nbd7 11. Qc2 Ne5 12. a4 Neg4 13. Bxg4 Nxg4 14. h3 Nh6 15. Nc4 f5 16. f3 a6 17. Bf4 Nf7 18. Qd2 Ne5 19. Nxe5 Bxe5 20. Bxe5 dxe5 21. Rad1 f4 22. Rc1 Bd7 23. Rfd1 Qa5 24. Ra1 Qb4 25. Ne2 Qxd2 26. Rxd2 b5 27. b3 bxa4 28. bxa4 Rab8 29. Rc2 Rec8 30. Nc1 c4 31. Ne2 Kf7 32. a5 Rb5 33. Nc3 Rbc5 34. Rb2 Bb5 35. Rab1 Rb8 36. Rb4 Ke7 37. Na4 Rc7 38. Nb6 Rd8 39. Rc1 Kd6 40. Nxc4+ Kc5 41. Nb6+ Kxb4 42. Rxc7 h5 43. Kf2 Kxa5 44. Nc4+ Bxc4 45. Rxc4 Kb5 46. Rc6 Ra8 47. Ke2 a5 48. Kd2 Ra6 49. Rxa6 Kxa6 50. Kc3 Kb5 51. Kb3 a4+ 52. Ka3 Ka5 53. h4 Kb5 54. d6 Kc6 55. d7 Kxd7 56. Kxa4 Kc6 57. Kb4 Kb6 58. Kc4 1/2-1/2